[Event "Basel Swiss YM"]
[Site "Basel"]
[Date "2024.04.06"]
[Round "8"]
[White "Schlegel, Igor"]
[Black "Blohberger, Felix"]
[Result "0-1"]
[WhiteElo "2196"]
[BlackElo "2531"]
[PlyCount "62"]
[EventDate "2024.03.30"]
[EventType "tourn"]
[EventRounds "9"]
[EventCountry "SUI"]
[EventCategory "4"]
[SourceTitle "CB15_2024"]
[SourceDate "2024.04.10"]
[SourceVersion "1"]
[SourceVersionDate "2024.04.10"]
[SourceQuality "1"]

1. e4 e6 2. d4 d5 3. e5 c5 4. c3 Nc6 5. Nf3 Bd7 6. Be2 Nge7 7. Na3 Nf5 8. Nc2 Be7 9. 0-0 0-0 10. Bd3 c4 11. Be2 b5 12. Kh1 a5 13. Rg1 Nh4 14. Nxh4 Bxh4 15. f4 b4 16. g4 f6 17. g5 fxg5 18. fxg5 Be8 19. Bh5 Ne7 20. Bxe8 Qxe8 21. Qg4 Qg6 22. Ne3 Bf2 23. Rg2 Bxe3 24. Bxe3 Rab8 25. h4 bxc3 26. bxc3 Rb1+ 27. Rxb1 Qxb1+ 28. Kh2 Nf5 29. g6 Nxe3 30. Qxe6+ Kh8 31. Qe7 Qf1 0-1

[Event "AUT-chT 2324"]
[Site "Austria"]
[Date "2024.03.24"]
[Round "11.2"]
[White "Vachier Lagrave, Maxime"]
[Black "Blohberger, Felix"]
[Result "1-0"]
[WhiteElo "2728"]
[BlackElo "2513"]
[PlyCount "67"]
[EventDate "2023.11.22"]
[EventType "team-tourn"]
[EventRounds "11"]
[EventCountry "AUT"]
[SourceTitle "CB13_2024"]
[SourceDate "2024.03.27"]
[SourceVersion "1"]
[SourceVersionDate "2024.03.27"]
[SourceQuality "1"]
[WhiteTeam "Linz"]
[BlackTeam "Ottakring"]
[WhiteTeamCountry "AUT"]
[BlackTeamCountry "AUT"]

1. d4 Nf6 2. Nf3 d5 3. Bf4 Bf5 4. e3 e6 5. c4 Nbd7 6. Nc3 Bb4 7. c5 Ne4 8. Qb3 Ba5 9. h3 0-0 10. Be2 c6 11. 0-0 Qc8 12. Nxe4 Bxe4 13. Ne5 Nxe5 14. Bxe5 Bc7 15. Bxc7 Qxc7 16. Qc3 Rfe8 17. f3 Bg6 18. f4 f6 19. b4 e5 20. dxe5 fxe5 21. f5 Bf7 22. f6 Bg6 23. e4 d4 24. Qg3 Rf8 25. Bc4+ Kh8 26. fxg7+ Qxg7 27. Qh4 Rae8 28. a4 Rf4 29. Rxf4 exf4 30. Bd3 Bxe4 31. Bxe4 d3 32. Re1 Qd4+ 33. Kh2 Rxe4 34. Qh6 1-0

[Event "AUT-chT 2324"]
[Site "Austria"]
[Date "2024.03.21"]
[Round "8.2"]
[White "Martinovic, Sasa"]
[Black "Blohberger, Felix"]
[Result "1-0"]
[WhiteElo "2542"]
[BlackElo "2513"]
[PlyCount "77"]
[EventDate "2023.11.22"]
[EventType "team-tourn"]
[EventRounds "11"]
[EventCountry "AUT"]
[SourceTitle "CB13_2024"]
[SourceDate "2024.03.27"]
[SourceVersion "1"]
[SourceVersionDate "2024.03.27"]
[SourceQuality "1"]
[WhiteTeam "St Veit"]
[BlackTeam "Ottakring"]
[WhiteTeamCountry "AUT"]
[BlackTeamCountry "AUT"]

1. d4 Nf6 2. c4 e6 3. Nf3 b6 4. a3 Bb7 5. Nc3 Ne4 6. Nxe4 Bxe4 7. Bf4 d6 8. e3 Be7 9. Bd3 Bxd3 10. Qxd3 Nd7 11. Rd1 0-0 12. e4 c6 13. 0-0 a6 14. e5 d5 15. Rc1 dxc4 16. Rxc4 c5 17. Rc2 b5 18. dxc5 Nxc5 19. Qe3 Qd5 20. Bg5 f6 21. exf6 gxf6 22. Bh6 Rfd8 23. b4 Ne4 24. Rc7 Kf7 25. Re1 Nd6 26. Rc5 Qa2 27. Nd4 e5 28. Qd3 e4 29. Qh3 Nb7 30. Qh5+ Kg8 31. Qg4+ Kf7 32. Qg7+ Ke8 33. Rc7 Rd7 34. Qh8+ Kf7 35. Qg7+ Ke8 36. Qh8+ Kf7 37. Qxh7+ Ke8 38. Qg6+ Kd8 39. Rxd7+ 1-0

[Event "EU-ch Blitz"]
[Site "Zagreb"]
[Date "2023.12.16"]
[Round "12"]
[White "Hrvacic, Pavle"]
[Black "Blohberger, Felix"]
[Result "0-1"]
[WhiteElo "2213"]
[BlackElo "2534"]
[PlyCount "88"]
[EventDate "2023.12.16"]
[EventType "swiss (blitz)"]
[EventRounds "13"]
[EventCountry "CRO"]
[SourceTitle "CB51_2023"]
[SourceDate "2023.12.20"]
[SourceVersion "1"]
[SourceVersionDate "2023.12.20"]
[SourceQuality "1"]

1. e4 e5 2. Nf3 Nc6 3. Nc3 Nf6 4. d4 exd4 5. Nxd4 Bb4 6. Nxc6 bxc6 7. Bd3 d5 8. exd5 0-0 9. 0-0 cxd5 10. Bg5 c6 11. Qf3 h6 12. Bxf6 Qxf6 13. Qxf6 gxf6 14. Ne2 Rb8 15. b3 Re8 16. Ng3 Bc3 17. Rab1 Re5 18. h3 Bd7 19. Kh2 Rbe8 20. Rbd1 a5 21. Rb1 Kf8 22. Rbd1 Re1 23. Kg1 Rxf1+ 24. Rxf1 Re5 25. Rd1 Re8 26. Rf1 Re5 27. Rd1 Ke7 28. Kf1 Kd6 29. Ne2 Bb4 30. c3 Bc5 31. Bb1 Re8 32. Nf4 Kc7 33. Nh5 Be7 34. Ng7 Rg8 35. Nf5 Bf8 36. Ne3 Bc5 37. Nf5 h5 38. Bd3 Rg5 39. Nd4 Re5 40. Nf3 Re8 41. Re1 Rxe1+ 42. Kxe1 Kd6 43. Ke2 Ba3 44. c4 Bb2 0-1

[Event "Vienna Ottakring 100 Years"]
[Site "Vienna"]
[Date "2023.09.03"]
[Round "9"]
[White "Krause, Benedict"]
[Black "Blohberger, Felix"]
[Result "1/2-1/2"]
[WhiteElo "2409"]
[BlackElo "2522"]
[PlyCount "99"]
[EventDate "2023.08.26"]
[EventType "swiss"]
[EventRounds "9"]
[EventCountry "AUT"]
[SourceTitle "EXT 2024"]
[Source "ChessBase"]
[SourceDate "2023.10.10"]
[SourceVersion "1"]
[SourceVersionDate "2023.10.10"]
[SourceQuality "1"]

1. e4 e5 2. Nf3 Nc6 3. Bc4 Bc5 4. c3 Nf6 5. d3 d6 6. 0-0 a5 7. Re1 Ba7 8. Nbd2 0-0 9. Nf1 Be6 10. Bb5 Ne7 11. d4 Ng6 12. Ng3 c6 13. Bd3 Bg4 14. Be3 d5 15. dxe5 Nxe5 16. Bxa7 Bxf3 17. gxf3 Rxa7 18. exd5 Nxd3 19. Qxd3 Nxd5 20. Rad1 Ra8 21. c4 Nf6 22. Qxd8 Rfxd8 23. Ne4 Nxe4 24. fxe4 Kf8 25. f4 Ke7 26. Kf2 a4 27. Ke3 g6 28. h4 f6 29. f5 Rxd1 30. Rxd1 Ra5 31. Kf4 Re5 32. Rg1 Kf7 33. Rd1 Ke8 34. Rd2 gxf5 35. exf5 Re1 36. b3 a3 37. Rg2 Kf8 38. Rd2 Ke8 39. Rg2 h5 40. Rg8+ Kd7 41. Ra8 Rf1+ 42. Ke4 Rh1 43. Rxa3 Rxh4+ 44. Kf3 Rh3+ 45. Kf4 Rh4+ 46. Kf3 Rh3+ 47. Kf4 Rh1 48. Ra7 Kc7 49. Ra8 Rf1+ 50. Ke4 1/2-1/2

[Event "FIDE World Cup"]
[Site "Baku"]
[Date "2023.08.01"]
[Round "1.4"]
[White "Blohberger, Felix"]
[Black "Mastrovasilis, Dimitrios"]
[Result "1-0"]
[WhiteElo "2522"]
[BlackElo "2587"]
[PlyCount "123"]
[EventDate "2023.07.30"]
[EventType "k.o."]
[EventRounds "8"]
[EventCountry "AZE"]
[SourceTitle "EXT 2024"]
[Source "ChessBase"]
[SourceDate "2023.10.10"]
[SourceVersion "1"]
[SourceVersionDate "2023.10.10"]
[SourceQuality "1"]

1. e4 c5 2. Nf3 e6 3. d4 cxd4 4. Nxd4 a6 5. c4 Nf6 6. Nc3 Bb4 7. Qd3 d6 8. Nc2 Bxc3+ 9. Qxc3 0-0 10. Bd3 d5 11. exd5 exd5 12. 0-0 dxc4 13. Bxc4 Nc6 14. Ne3 Qd4 15. Qxd4 Nxd4 16. Rd1 Rd8 17. b3 Be6 18. Bb2 Nc6 19. Bxf6 gxf6 20. Nd5 Bxd5 21. Bxd5 Nb4 22. Bxb7 Rxd1+ 23. Rxd1 Ra7 24. Rd7 Nxa2 25. Bc6 Rxd7 26. Bxd7 Kf8 27. Kf1 Ke7 28. Bf5 h6 29. Ke1 Kd6 30. Kd2 Kc5 31. Bd3 a5 32. Be4 Kd4 33. Bc6 Nc3 34. h4 f5 35. g3 Ne4+ 36. Ke2 Nc5 37. Kf3 Nxb3 38. Kf4 Nc5 39. Kxf5 a4 40. Bxa4 Nxa4 41. g4 Nc5 42. h5 Ne4 43. f3 Ng3+ 44. Kf6 Ke3 45. Kxf7 Kxf3 46. g5 hxg5 47. h6 g4 48. h7 Ne4 49. h8Q g3 50. Qh5+ Kf4 51. Qh1 Nf2 52. Qg2 Ng4 53. Kg6 Ne3 54. Qe2 Ng4 55. Kh5 Ne3 56. Kh4 Nf5+ 57. Kh3 Ne3 58. Qb2 g2 59. Qf2+ Ke4 60. Kg3 Kd3 61. Kf3 Nf5 62. Kxg2 1-0

[Event "Aimchess Play In op"]
[Site "Chess.com INT"]
[Date "2023.06.12"]
[Round "5"]
[White "Blohberger, Felix"]
[Black "Mohammad, Nubairshah Shaikh"]
[Result "1-0"]
[WhiteElo "2522"]
[BlackElo "2415"]
[PlyCount "67"]
[EventDate "2023.06.12"]
[EventType "swiss (rapid)"]
[EventRounds "9"]
[EventCountry "USA"]
[SourceTitle "CBM 214 Extra"]
[Source "ChessBase"]
[SourceDate "2023.07.31"]
[SourceVersion "1"]
[SourceVersionDate "2023.07.31"]
[SourceQuality "1"]

1. e4 Nf6 2. e5 Nd5 3. d4 d6 4. Nf3 Nb6 5. a4 a5 6. exd6 cxd6 7. Bb5+ Bd7 8. Nc3 g6 9. 0-0 Bg7 10. Re1 0-0 11. Bg5 Re8 12. Bxd7 Qxd7 13. Qe2 Nc6 14. Nb5 d5 15. Bf4 Rac8 16. c3 Nc4 17. b3 e5 18. bxc4 exf4 19. Qd2 dxc4 20. Qxf4 Bf8 21. h3 h6 22. Rab1 g5 23. Qg3 f6 24. Nd2 Ne5 25. Ne4 Kg7 26. dxe5 Rxe5 27. f4 Re6 28. fxg5 hxg5 29. Red1 Qc6 30. Ned6 Rb8 31. Nf5+ Kg6 32. Nbd4 Bc5 33. Qxb8 Re2 34. Qg8+ 1-0

[Event "AUT-ch Blitz"]
[Site "Graz"]
[Date "2023.06.09"]
[Round "8"]
[White "Blohberger, Felix"]
[Black "Peyrer, Konstantin"]
[Result "1/2-1/2"]
[WhiteElo "2501"]
[BlackElo "2405"]
[PlyCount "84"]
[EventDate "2023.06.09"]
[EventType "swiss (blitz)"]
[EventRounds "11"]
[EventCountry "AUT"]
[SourceTitle "CBM 214 Extra"]
[Source "ChessBase"]
[SourceDate "2023.07.31"]
[SourceVersion "1"]
[SourceVersionDate "2023.07.31"]
[SourceQuality "1"]

1. e4 e6 2. d4 d5 3. Nc3 Nf6 4. e5 Nfd7 5. Nce2 c5 6. c3 Nc6 7. Nf3 f6 8. Nf4 Nb6 9. Bd3 Be7 10. Nh5 0-0 11. exf6 Bxf6 12. 0-0 cxd4 13. cxd4 Bd7 14. Nxf6+ Qxf6 15. Bg5 Qf7 16. Qc2 Qh5 17. Be3 Nb4 18. Qd2 Nxd3 19. Qxd3 Nc4 20. b3 Nd6 21. Ne5 Bb5 22. Qd1 Qxd1 23. Rfxd1 Nf7 24. Bf4 Nxe5 25. Bxe5 Rfc8 26. Rac1 Bd7 27. Bc7 Bc6 28. Be5 Bd7 29. Rc5 b6 30. Rc7 Rxc7 31. Bxc7 Rc8 32. Rc1 Kf7 33. f3 g5 34. Kf2 Bb5 35. Ke3 Ke8 36. Kd2 Kd7 37. Be5 Rxc1 38. Kxc1 Bf1 39. g3 Bg2 40. f4 g4 41. Bb8 Kc8 42. Be5 Be4 1/2-1/2

[Event "Titled Tuesday intern op 06th Jun Late"]
[Site "Chess.com INT"]
[Date "2023.06.06"]
[Round "4"]
[White "Romero Ruscalleda, Josep"]
[Black "Blohberger, Felix"]
[Result "0-1"]
[WhiteElo "2160"]
[BlackElo "2522"]
[PlyCount "34"]
[EventDate "2023.06.06"]
[EventType "swiss (blitz)"]
[EventRounds "11"]
[EventCountry "USA"]
[SourceTitle "EXT 2024"]
[Source "ChessBase"]
[SourceDate "2023.10.10"]
[SourceVersion "1"]
[SourceVersionDate "2023.10.10"]
[SourceQuality "1"]

1. e4 e5 2. Nf3 Nc6 3. Bc4 Nf6 4. d4 exd4 5. e5 d5 6. Bb5 Ne4 7. Nxd4 Bd7 8. Bxc6 bxc6 9. 0-0 Bc5 10. Be3 0-0 11. Nd2 Nxd2 12. Qxd2 Bb6 13. Bg5 Qe8 14. Rfe1 Kh8 15. Re3 c5 16. Ne2 d4 17. Rh3 Bxh3 0-1

[Event "Saint Louis Spring-B"]
[Site "Saint Louis"]
[Date "2023.04.11"]
[Round "7"]
[White "Blohberger, Felix"]
[Black "Mikhalevski, Victor"]
[Result "1-0"]
[WhiteElo "2501"]
[BlackElo "2515"]
[PlyCount "117"]
[EventDate "2023.04.05"]
[EventType "tourn"]
[EventRounds "9"]
[EventCountry "USA"]
[EventCategory "11"]
[SourceTitle "CBM 213 Extra"]
[Source "ChessBase"]
[SourceDate "2023.05.31"]
[SourceVersion "1"]
[SourceVersionDate "2023.05.31"]
[SourceQuality "1"]

1. Nf3 Nf6 2. c4 g6 3. Nc3 Bg7 4. e4 e5 5. Nxe5 0-0 6. d3 Nxe4 7. dxe4 Bxe5 8. Bh6 Re8 9. Qd2 d6 10. 0-0-0 Nd7 11. h4 Nc5 12. h5 c6 13. hxg6 fxg6 14. f4 Bh8 15. f5 Nxe4 16. Nxe4 Rxe4 17. fxg6 hxg6 18. Bd3 Rg4 19. Rdf1 Be5 20. Kb1 Be6 21. Rf8+ Qxf8 22. Bxf8 Rxf8 23. Qh6 Rf2 24. Qh7+ Kf8 25. Qc7 Rgxg2 26. Qd8+ Kf7 27. Rh7+ Bg7 28. Qc7+ Ke8 29. Qb8+ Kf7 30. Qxb7+ Ke8 31. Qa8+ Kf7 32. Qxa7+ Ke8 33. Bxg6+ Bf7 34. Bxf7+ Rxf7 35. Qb8+ Kd7 36. a4 Ke6 37. Qc8+ Ke7 38. Rxg7 Rgxg7 39. Qxc6 Rg5 40. Ka2 Rc5 41. Qe4+ Kd7 42. Ka3 Kc7 43. Qa8 Rf1 44. Qa7+ Kd8 45. Qb6+ Ke7 46. Kb4 Kd7 47. b3 Rf2 48. Ka3 Rf1 49. Qb7+ Kd8 50. Qe4 Kd7 51. Qh7+ Kd8 52. Qh4+ Kd7 53. Qh3+ Rcf5 54. Kb4 R1f2 55. Qe3 Ra2 56. Qa7+ Kc8 57. Qe7 Rf3 58. Qxd6 Rb2 59. Qc6+ 1-0

[Event "Saint Louis Spring-B"]
[Site "Saint Louis"]
[Date "2023.04.10"]
[Round "6"]
[White "Chandra, Akshat"]
[Black "Blohberger, Felix"]
[Result "0-1"]
[WhiteElo "2468"]
[BlackElo "2501"]
[PlyCount "182"]
[EventDate "2023.04.05"]
[EventType "tourn"]
[EventRounds "9"]
[EventCountry "USA"]
[EventCategory "11"]
[SourceTitle "CBM 213 Extra"]
[Source "ChessBase"]
[SourceDate "2023.05.31"]
[SourceVersion "1"]
[SourceVersionDate "2023.05.31"]
[SourceQuality "1"]

1. e4 e5 2. Nf3 Nc6 3. Bb5 Nf6 4. 0-0 Nxe4 5. Re1 Nd6 6. Nxe5 Be7 7. Bf1 Nxe5 8. Rxe5 0-0 9. Nc3 Ne8 10. Nd5 Bd6 11. Re2 c6 12. Ne3 Bc7 13. Nf5 d5 14. Ne7+ Kh8 15. Nxc8 Rxc8 16. d3 f5 17. g3 Nf6 18. Bh3 Qd7 19. Bg5 h6 20. Bd2 Rce8 21. a4 g5 22. Rxe8 Rxe8 23. Qc1 a5 24. Bc3 Kg7 25. Bd4 Kg6 26. Qd2 Qe7 27. Bc3 Qd8 28. Bxf6 Qxf6 29. d4 Qe6 30. Bf1 f4 31. c4 dxc4 32. Qc2+ Kg7 33. Bxc4 Qf6 34. Qb3 Re7 35. Rd1 h5 36. d5 cxd5 37. Bxd5 Bb6 38. Qc2 g4 39. Bc4 h4 40. gxf4 g3 41. hxg3 hxg3 42. Kg2 gxf2 43. Rd5 Kh6 44. Qd1 Rg7+ 45. Kf3 Rg6 46. Qh1+ Kg7 47. Qh5 Qe6 48. Qe5+ Qxe5 49. fxe5 Rg1 50. Rd7+ Kf8 51. Rxb7 f1Q+ 52. Bxf1 Rxf1+ 53. Ke4 Bc5 54. Kd5 Bb4 55. Kc4 Re1 56. Rb5 Re2 57. Kb3 Ke7 58. Ka2 Ke6 59. Kb3 Rxe5 60. Rb7 Kd5 61. Rb8 Re3+ 62. Ka2 Kc6 63. Rb5 Be1 64. Rh5 Bb4 65. Rb5 Re4 66. Kb3 Rg4 67. Ka2 Bd2 68. Ka3 Rg5 69. Rb8 Rg3+ 70. Ka2 Rg4 71. Ka3 Bb4+ 72. Kb3 Bd6 73. Rc8+ Kd7 74. Rc2 Rb4+ 75. Ka2 Rxa4+ 76. Kb1 Rf4 77. Ka2 Rf3 78. Rd2 Kc6 79. Rc2+ Bc5 80. Re2 Bd4 81. Re8 Re3 82. Rd8 Be5 83. Rd2 Rh3 84. Re2 Kd5 85. Rd2+ Ke6 86. Rd8 Rh2 87. Ra8 Rxb2+ 88. Ka3 Rb1 89. Ra6+ Kd7 90. Rxa5 Ra1+ 91. Kb4 Bc3+ 0-1